| 000 | 00657nam a2200181Ia 4500 | ||
|---|---|---|---|
| 008 | 151018s9999 xx 000 0 und d | ||
| 082 |
_bRBASDV1519 _a910 |
||
| 100 | _aकाशिकुमार | ||
| 245 | _aहिंदुस्थानी मार्गदर्शक | ||
| 250 | _b1 | ||
| 260 | _bताडदेव बुक डेपो प्रकाशन | ||
| 300 | _a48 | ||
| 600 | _aकाशिकुमार | ||
| 630 | _aहिंदुस्थानी मार्गदर्शक | ||
| 700 | _aकाशिकुमार | ||
| 730 | _aहिंदुस्थानी मार्गदर्शक | ||
| 942 | _cBOOK | ||
| 999 |
_c1003948 _d1003945 |
||